[Event "Schleswig Holstein-ch Seniors op"]
[Site "Buesum"]
[Date "2014.09.29"]
[Round "5"]
[White "Weber, Gerhard"]
[Black "Soltau, Achim"]
[Result "0-1"]
[WhiteElo "1879"]
[BlackElo "1984"]
[PlyCount "102"]
[EventDate "2014.09.25"]
[EventType "swiss"]
[EventRounds "9"]
[EventCountry "GER"]
[SourceTitle "EXT 2018"]
[Source "ChessBase"]
[SourceDate "2017.10.13"]
[SourceVersion "1"]
[SourceVersionDate "2017.10.13"]
[SourceQuality "1"]

1. e4 c5 2. Nf3 e6 3. d4 cxd4 4. Nxd4 Nc6 5. Be2 Nf6 6. Nxc6 bxc6 7. Nc3 d5 8. exd5 exd5 9. 0-0 Be7 10. Bf3 0-0 11. Bf4 Ba6 12. Re1 Bb4 13. Be5 Rc8 14. a3 Bd6 15. Bxd6 Qxd6 16. Ne4 Nxe4 17. Bxe4 Qf6 18. Bd3 Bxd3 19. Qxd3 Rfe8 20. c3 Re6 21. Kf1 Rce8 22. Rxe6 Qxe6 23. Qd2 c5 24. Re1 Qa6+ 25. Kg1 Rxe1+ 26. Qxe1 Kf8 27. Qe5 Qc6 28. Qb8+ Qe8 29. Qxe8+ Kxe8 30. Kf1 Kd7 31. b3 Kc6 32. Ke2 c4 33. bxc4 dxc4 34. Ke3 Kd5 35. f4 f5 36. Kf3 g6 37. Ke3 Kc5 38. Kd2 Kb5 39. Kc2 Ka4 40. Kb2 a6 41. g3 h6 42. Ka2 Kb5 43. Kb2 Kc5 44. Kc2 Kd5 45. Kd2 Ke4 46. Ke2 g5 47. fxg5 hxg5 48. h4 gxh4 49. gxh4 Kf4 50. Kf2 Kg4 51. Ke3 f4+ 0-1

[Event "Hamburg St Pauli op-A"]
[Site "Hamburg"]
[Date "2013.07.09"]
[Round "4"]
[White "Soltau, Achim"]
[Black "Bureik, Matthias"]
[Result "1/2-1/2"]
[WhiteElo "1989"]
[BlackElo "2137"]
[PlyCount "47"]
[EventDate "2013.07.06"]
[EventType "swiss"]
[EventRounds "9"]
[EventCountry "GER"]
[SourceTitle "CBM 155 Extra"]
[Source "ChessBase"]
[SourceDate "2013.08.26"]
[SourceVersion "1"]
[SourceVersionDate "2013.08.26"]
[SourceQuality "1"]

1. Nf3 f5 2. g3 Nf6 3. Bg2 g6 4. 0-0 Bg7 5. d4 d6 6. c4 0-0 7. Nc3 Nc6 8. d5 Na5 9. Qd3 e5 10. e4 fxe4 11. Nxe4 Nxe4 12. Qxe4 Bf5 13. Qe2 Bg4 14. Qe4 Bxf3 15. Bxf3 Nxc4 16. Bg4 Nb6 17. Be3 Nd7 18. Rac1 Kh8 19. Qc4 Rc8 20. Qa4 Nf6 21. Be6 a6 22. Bg5 c5 23. dxc6 Rxc6 24. Rxc6 1/2-1/2

[Event "Karvina op"]
[Site "Karvina"]
[Date "2012.07.06"]
[Round "7"]
[White "Soltau, Achim"]
[Black "Ocko, Dominik"]
[Result "1-0"]
[WhiteElo "1983"]
[BlackElo "1250"]
[PlyCount "55"]
[EventDate "2012.06.30"]
[EventType "swiss"]
[EventRounds "9"]
[EventCountry "CZE"]
[SourceTitle "EXT 2014"]
[Source "ChessBase"]
[SourceDate "2013.11.20"]
[SourceVersion "1"]
[SourceVersionDate "2013.11.20"]
[SourceQuality "1"]

1. c4 c5 2. e3 Nf6 3. d4 cxd4 4. exd4 e6 5. Nf3 Bb4+ 6. Bd2 Bxd2+ 7. Qxd2 0-0 8. Nc3 Nc6 9. d5 exd5 10. cxd5 Re8+ 11. Be2 Ne7 12. d6 Nf5 13. 0-0 a6 14. Bc4 Qb6 15. Rad1 Qc6 16. Qf4 Nh6 17. Rfe1 Rxe1+ 18. Rxe1 Qb6 19. Nd5 Qd8 20. Nxf6+ gxf6 21. Qxh6 b5 22. Bxf7+ Kxf7 23. Qxh7+ Kf8 24. Re7 Qxe7 25. Qxe7+ Kg8 26. Nh4 Rb8 27. Nf5 Kh8 28. Qg7# 1-0

[Event "Karvina op"]
[Site "Karvina"]
[Date "2012.07.05"]
[Round "6"]
[White "Sikora, Matous"]
[Black "Soltau, Achim"]
[Result "1/2-1/2"]
[WhiteElo "1250"]
[BlackElo "1983"]
[PlyCount "116"]
[EventDate "2012.06.30"]
[EventType "swiss"]
[EventRounds "9"]
[EventCountry "CZE"]
[SourceTitle "EXT 2014"]
[Source "ChessBase"]
[SourceDate "2013.11.20"]
[SourceVersion "1"]
[SourceVersionDate "2013.11.20"]
[SourceQuality "1"]

1. e4 c5 2. Nf3 e6 3. d4 cxd4 4. Nxd4 Nc6 5. Nc3 Qc7 6. Nxc6 bxc6 7. Bd3 Nf6 8. h3 Be7 9. 0-0 0-0 10. Qe2 e5 11. Bg5 d6 12. Kh1 h6 13. Bxf6 Bxf6 14. Bc4 Be6 15. Bb3 Bxb3 16. axb3 Bg5 17. Qc4 Qd7 18. Rfd1 Kh8 19. Ra6 Rac8 20. Rda1 Rc7 21. Qa4 Ra8 22. Na2 Bh4 23. f3 Bf2 24. Nb4 Rac8 25. Nd3 Bb6 26. Rd1 Qe6 27. Nb4 d5 28. exd5 cxd5 29. Nxd5 Rxc2 30. Nxb6 Qg6 31. Qg4 Qxg4 32. hxg4 axb6 33. Rxb6 Rxb2 34. b4 Rcc2 35. Rg1 Kh7 36. Rb7 Kg6 37. Kh2 Rb3 38. Re1 Rbb2 39. Rg1 f6 40. b5 Rc5 41. b6 Rc6 42. Re1 Rbxb6 43. Rxb6 Rxb6 44. Kg3 Rb2 45. Re4 Kg5 46. Re1 g6 47. Re4 Rc2 48. Ra4 f5 49. gxf5 gxf5 50. Kh3 Rc3 51. Kh2 Re3 52. Kg1 e4 53. Kf2 Rb3 54. fxe4 f4 55. Ra5+ Kg4 56. Ra6 Rb2+ 57. Ke1 Rb1+ 58. Kf2 Rb2+ 1/2-1/2